Naruto General Knowledge - Statistics

General Stats
  • This quiz has been taken 1,714 times
  • The average score is 12 of 20
Answer Stats
Hints Answers % Correct
Naruto's clan uzumaki
94%
Demon fox sealed inside Naruto kurama
93%
Sasuke's brother itachi
92%
Pink haired ninja medic sakura
90%
tobi is? obito
86%
First to accept Naruto iruka
80%
Kakashi's rival guy
77%
Sasuke's signature jutsu chidori
73%
Who's death caused Kakashi's trauma rin
72%
Sharingan collector danzo
69%
What is the host of a tailed beast called jinchuriki
67%
Naruto's catchphrase dattebayo
59%
First reincarnation of asura hashirama
54%
Sasuke's mangekyou ability amaterasu
53%
Akatsuki spy zetsu
52%
That's my... (quote) ninja way/nindo
50%
Shisui's mangekyou ability kotoamatsukami
27%
What did Guy use against Madara eight gates
25%
Opening sang by FLOW (imo best Naruto opening) sign
13%
The real super villain teuchi/ramen guy
4%
No matching quizzes found
Score Distribution
Percent of People with Each Score
Percentile by Number Answered
Your Score History
You have not taken this quiz